| 000 | 01356nam a2200325 i 4500 | ||
|---|---|---|---|
| 003 | DO-SdBNP | ||
| 005 | 20250613094848.0 | ||
| 007 | ta | ||
| 008 | 250613s1994 dr co 000 0 spa d | ||
| 040 |
_aDO-SdBNP _bspa _cBNPHU _erda |
||
| 082 |
_a707.4 _bD559 _222 |
||
| 111 | 2 |
_aBienal Nacional de Artes Visuales _d(19: 1994 _cSanto Domingo) : _961969 |
|
| 245 | 1 | 0 |
_aXIX Bienal nacional de artes visuales / _ceditor, Paula Gómez Jorge, Sara Hermann Morera ; fotografías, Mariano Hernández, Enrique Betances, Luis Nova, Generoso Ledesma |
| 246 | _aDecimonovena bienal nacional de artes visuales / | ||
| 264 | 1 |
_aSanto Domingo : _bMuseo de Arte Moderno, _c1994. |
|
| 300 |
_a233 páginas : _bretratos, fotografías : _c31 cm. |
||
| 336 |
_atexto _btxt _2rdacontent |
||
| 337 |
_asin mediación _bn _2rdamedia |
||
| 338 |
_avolumen _bnc _2rdacarrier |
||
| 500 | _aIncluye datos biografícos de los artistas en las páginas 153-233. | ||
| 590 | _aInventariado, 2025/ YL | ||
| 700 | 1 |
_aGómez Jorge, Paula _eeditor _4ed. _984937 |
|
| 700 | 1 |
_aHermann Morera, Sara _eeditor _4ed. _988097 |
|
| 700 | 1 |
_aHernández, Mariano _efotografías |
|
| 700 | 1 |
_aBetances, Enrique _efotografías _4fot. _988098 |
|
| 700 | 1 |
_aNova, Luis _efotografías _4fot. _936995 |
|
| 700 | 1 |
_aLedesma, Generoso _efotografías _4fot. _988099 |
|
| 910 | _aYLockward | ||
| 942 |
_2ddc _cLBS1 |
||
| 999 |
_c59271 _d59271 |
||